Machine tool design (Record no. 21093)

000 -LEADER
fixed length control field 00517nam a22002177a 4500
001 - CONTROL NUMBER
control field 21093
003 - CONTROL NUMBER IDENTIFIER
control field BD-DhUET
008 - FIXED-LENGTH DATA ELEMENTS--GENERAL INFORMATION
fixed length control field 150415b xxu||||| |||| 00| 0 eng d
040 ## - CATALOGING SOURCE
Original cataloging agency DLC
Transcribing agency DLC
Modifying agency BD-DhUET
082 ## - DEWEY DECIMAL CLASSIFICATION NUMBER
Classification number 621.9
Item number ACH/1969
100 ## - MAIN ENTRY--PERSONAL NAME
Personal name Fedotyonok, A.
245 ## - TITLE STATEMENT
Title Machine tool design
250 ## - EDITION STATEMENT
Edition statement 1st ed.
260 ## - PUBLICATION, DISTRIBUTION, ETC. (IMPRINT)
Place of publication, distribution, etc. Moscow
Name of publisher, distributor, etc. Mir Publishers
Date of publication, distribution, etc. 1969
300 ## - PHYSICAL DESCRIPTION
Extent 380p.
Other physical details ill.
500 ## - GENERAL NOTE
General note Vol. 2
650 #0 - SUBJECT ADDED ENTRY--TOPICAL TERM
Topical term or geographic name as entry element Machine tool, Design
700 ## - ADDED ENTRY--PERSONAL NAME
Personal name Yermakov, V.
700 ## - ADDED ENTRY--PERSONAL NAME
Personal name Acherkan, N.
942 ## - ADDED ENTRY ELEMENTS (KOHA)
Koha item type General Book
Holdings
Koha normalized classification for sorting Koha date last seen Withdrawn status Shelving location Location (home branch) Lost status Not for loan Koha item type Koha full call number Damaged status Price effective from Copy number Source of classification or shelving scheme Date acquired Piece designation (barcode) Sublocation or collection (holding branch)
621_900000000000000_ACH_19692015-04-15 Circulation sectionCentral Library, BUET  General Book621.9/ACH/1969 2015-04-151 2015-04-1542900Central Library, BUET
621_900000000000000_ACH_19692017-02-06 Circulation sectionCentral Library, BUET  General Book621.9/ACH/1969 2015-04-152 2015-04-1542901Central Library, BUET
621_900000000000000_ACH_19692017-02-06 Circulation sectionCentral Library, BUET  General Book621.9/ACH/1969 2015-04-153 2015-04-1542902Central Library, BUET
621_900000000000000_ACH_19692017-01-08 Circulation sectionCentral Library, BUET  General Book621.9/ACH/1969 2015-04-154 2015-04-1542903Central Library, BUET
621_900000000000000_ACH_19692017-02-11 Circulation sectionCentral Library, BUET  General Book621.9/ACH/1969 2015-04-155 2015-04-1542904Central Library, BUET